000 00417 a2200181 4500
001 138487
020 _a9788526010932
040 _cLeonardo Da Vinci
041 _aPortuguês
082 _a028.5 S285c
_bS285c
100 _aSANTOS,JOEL RUFINO
245 _aCiúme em céu azul
260 _bGlobal
_c2016
_aSão Paulo
300 _a15
362 _a20160000
500 _aBiblioteca Alphaville 2
942 _cBK
999 _c138487
_d138487